[Event "Jugendweltmeisterschaft U18"]
[Site "Belfort (FRA)"]
[Date "2005.07.19"]
[Round "1.3"]
[White "Mikkelsen, Nikolaj"]
[Black "Khairullin, Ildar"]
[Result "0-1"]
[WhiteElo "2246"]
[BlackElo "2538"]
[PlyCount "108"]
[EventDate "2005.07.18"]

1. e4 c5 2. Nf3 e6 3. d4 cxd4 4. Nxd4 Nf6 5. Nc3 Nc6 6. Ndb5 d6 7. Bf4 e5 8.
Bg5 a6 9. Na3 b5 10. Bxf6 gxf6 11. Nd5 Bg7 12. c3 f5 13. exf5 Bxf5 14. Nc2 Be6
15. g3 O-O 16. Bg2 a5 17. O-O Rb8 18. Qd2 Qd7 19. Rad1 Kh8 20. f4 f5 21. Nde3
Rbd8 22. fxe5 Bxe5 23. Bxc6 Qxc6 24. Nd4 Qd7 25. Nxe6 Qxe6 26. Qd5 Qg6 27. Qd3
f4 28. Qxg6 hxg6 29. gxf4 Bxf4 30. Nd5 Be5 31. Rxf8+ Rxf8 32. Ne7 Kg7 33. Nc6
b4 34. Nxe5 dxe5 35. c4 e4 36. Re1 Rd8 37. Kf2 Rd4 38. b3 Kf6 39. Ke2 Rd3 40.
Rf1+ Ke5 41. Rg1 Rh3 42. Rxg6 Rxh2+ 43. Ke3 Rh3+ 44. Ke2 Kd4 45. Rd6+ Kc3 46.
c5 Kb2 47. Rd2+ Kb1 48. Rd4 Kxa2 49. Rxe4 Rh2+ 50. Kd3 Kxb3 51. Re2 Rh8 52. Rg2
a4 53. Kd4 Rd8+ 54. Ke5 a3 0-1

[Event "Jugendweltmeisterschaft U18w"]
[Site "Belfort (FRA)"]
[Date "2005.07.19"]
[Round "1.4"]
[White "Purtseladze, Maka"]
[Black "Rolli, Sabrina"]
[Result "1-0"]
[WhiteElo "2313"]
[BlackElo "2044"]
[PlyCount "71"]
[EventDate "2005.07.18"]

1. d4 d5 2. c4 e6 3. Nf3 Nf6 4. Nc3 Be7 5. Bg5 h6 6. Bh4 O-O 7. e3 b6 8. Bd3
Bb7 9. O-O Nbd7 10. Bg3 Rc8 11. cxd5 exd5 12. Rc1 c5 13. Nb5 a6 14. Nd6 Bxd6
15. Bxd6 Re8 16. b3 Ne4 17. Bg3 Ndf6 18. Qe2 Nxg3 19. hxg3 Ne4 20. Bxa6 Bxa6
21. Qxa6 Ra8 22. Qe2 Qd7 23. a4 Qg4 24. Qb5 Qe6 25. Qd3 Rac8 26. Rfd1 c4 27.
bxc4 dxc4 28. Qc2 Red8 29. Nd2 Nd6 30. Qb2 Nf5 31. Rc3 Rd7 32. Rdc1 Rdc7 33.
Qb4 Ne7 34. Rxc4 Rxc4 35. Rxc4 Rxc4 36. Nxc4 1-0

[Event "Jugendweltmeisterschaft U16"]
[Site "Belfort (FRA)"]
[Date "2005.07.19"]
[Round "1.14"]
[White "Lenderman, Alex"]
[Black "Teixeira, Rafael Goltsman"]
[Result "1-0"]
[WhiteElo "2378"]
[BlackElo "2076"]
[PlyCount "81"]
[EventDate "2005.07.18"]

1. e4 c5 2. d4 cxd4 3. c3 d3 4. c4 d2+ 5. Bxd2 Nc6 6. Nf3 d6 7. h3 Nf6 8. Nc3
g6 9. Bd3 Bg7 10. O-O O-O 11. Rc1 e6 12. Bg5 Ne5 13. Be2 Qa5 14. Qd2 a6 15.
Rfd1 Nxf3+ 16. Bxf3 Rd8 17. Bxf6 Bxf6 18. Nd5 Qxd2 19. Nxf6+ Kg7 20. Nh5+ gxh5
21. Rxd2 Kf6 22. Rcd1 Ke7 23. c5 Bd7 24. Rxd6 Bc6 25. Rxd8 Rxd8 26. Rxd8 Kxd8
27. Bxh5 Ke7 28. e5 Bd5 29. a3 f6 30. f4 fxe5 31. fxe5 Kd7 32. b4 Kc6 33. Be8+
Kc7 34. Kf2 Kd8 35. Bh5 Kd7 36. Bf3 Kc6 37. Ke3 Bxf3 38. gxf3 Kd5 39. f4 h6 40.
Kd3 a5 41. bxa5 1-0

[Event "Jugendweltmeisterschaft U16w"]
[Site "Belfort (FRA)"]
[Date "2005.07.19"]
[Round "1.3"]
[White "Perrusset, Barbara"]
[Black "Muzychuk, Anna"]
[Result "0-1"]
[WhiteElo "1867"]
[BlackElo "2364"]
[PlyCount "40"]
[EventDate "2005.07.18"]

1. d4 Nf6 2. c4 g6 3. Nc3 Bg7 4. e4 d6 5. Nf3 O-O 6. Be2 Nbd7 7. O-O e5 8. d5
a5 9. Ne1 Ne8 10. Be3 f5 11. f3 Nef6 12. a3 Nc5 13. b4 axb4 14. axb4 Rxa1 15.
Qxa1 Nb3 16. Qd1 Nd4 17. Bd3 c6 18. Nc2 fxe4 19. fxe4 Ng4 20. Qe1 Rxf1+ 0-1

[Event "Jugendweltmeisterschaft U14w"]
[Site "BELFORT"]
[Date "2005.07.19"]
[Round "1.2"]
[White "Tairova, Elena"]
[Black "Danini, Laura"]
[Result "1-0"]
[WhiteElo "2232"]
[BlackElo "1599"]
[PlyCount "51"]
[EventDate "2005.07.18"]

1. e4 c5 2. Nf3 Nc6 3. Bb5 g6 4. O-O Bg7 5. c3 a6 6. Bxc6 dxc6 7. Re1 Bg4 8. h3
Bxf3 9. Qxf3 e6 10. d3 h6 11. Na3 b5 12. Be3 Qd6 13. Rad1 Ne7 14. Nc2 Rd8 15.
Na1 O-O 16. Nb3 f5 17. Bxc5 Qc7 18. e5 Kh7 19. Bd6 Qa7 20. Nd4 Qd7 21. Bxe7
Qxe7 22. Nxc6 Qc7 23. Nxd8 Rxd8 24. d4 Re8 25. Ra1 Rh8 26. Qd1 1-0

[Event "Jugendweltmeisterschaft U12"]
[Site "Belfort (FRA)"]
[Date "2005.07.19"]
[Round "1.19"]
[White "Karuga, Charles"]
[Black "Narayanan, Srinath"]
[Result "0-1"]
[WhiteElo "1599"]
[BlackElo "2084"]
[PlyCount "146"]
[EventDate "2005.07.18"]

1. e4 c5 2. Nf3 e6 3. d4 cxd4 4. Nxd4 Nf6 5. Nc3 d6 6. Bg5 Be7 7. f4 a6 8. Qf3
Nc6 9. Nxc6 bxc6 10. O-O-O Qc7 11. Bd3 O-O 12. g4 e5 13. f5 Rb8 14. Rhg1 h6 15.
Bxf6 Bxf6 16. Qf2 Bg5+ 17. Kb1 Qa5 18. a3 $4 Qxc3 19. b3 Qc5 20. Qxc5 dxc5 21.
Rh1 Bb7 22. h4 Bf4 23. Rhg1 Rfd8 24. g5 Rd4 25. g6 f6 26. Be2 Rbd8 27. Rd3 Kf8
28. Kb2 Ke7 29. Rgd1 Rxd3 30. cxd3 a5 31. Kc3 Ba6 32. a4 c4 33. dxc4 Rxd1 34.
Bxd1 Kd6 35. Be2 Kc5 36. Bd3 Be3 37. Be2 Bd4+ 38. Kc2 Kb4 39. h5 Be3 40. Bd3
Kc5 41. Kc3 Bd4+ 42. Kc2 Bf2 43. Kc3 Be1+ 44. Kc2 Kd4 45. Be2 c5 46. Bf3 Bb7
47. Kd1 Bb4 48. Ke2 Bxe4 49. Bxe4 Kxe4 50. Kf2 Kxf5 51. Kg3 Kg5 52. Kf3 Kxh5
53. Ke4 Kxg6 54. Kf3 Kf5 55. Ke3 e4 56. Kf2 Ke5 57. Ke3 f5 58. Kf2 Kd4 59. Ke2
Kc3 60. Ke3 g5 61. Kf2 f4 62. Kg2 Kxb3 63. Kf2 Kxa4 64. Ke2 Kb3 65. Kf2 Kxc4
66. Ke2 a4 67. Kd1 Kd3 68. Kc1 e3 69. Kb1 e2 70. Ka2 e1=Q 71. Kb2 a3+ 72. Ka2
Qd2+ 73. Kb3 Qc2# 0-1

[Event "Jugendweltmeisterschaft U10"]
[Site "Belfort"]
[Date "2005.07.19"]
[Round "1.7"]
[White "Ismailov, Mukhit"]
[Black "Grover, Sahaj"]
[Result "0-1"]
[WhiteElo "1599"]
[BlackElo "1955"]
[PlyCount "126"]
[EventDate "2005.07.18"]

1. e4 c5 2. Nf3 d6 3. d4 cxd4 4. Nxd4 Nf6 5. Nc3 a6 6. Bc4 e6 7. Bb3 b5 8. O-O
Be7 9. f4 O-O 10. Be3 Qc7 11. Kh1 Bd7 12. Qd3 Nc6 13. Rae1 Nxd4 14. Bxd4 b4 15.
Ne2 e5 16. Be3 Bb5 17. Qd1 Rac8 18. Rf3 Nxe4 19. Ng3 Nxg3+ 20. hxg3 a5 21. g4
a4 22. Bd5 Qxc2 23. Qxc2 Rxc2 24. fxe5 dxe5 25. Bg1 Bd6 26. Bh2 Bc6 27. Bxc6
Rxc6 28. Bxe5 Bxe5 29. Rxe5 Rc2 30. Ra5 Rxb2 31. Rxa4 f6 32. Rf5 Re8 33. Rb5
Re4 34. Kh2 Ree2 35. Ra7 h5 36. gxh5 Rxg2+ 37. Kh3 Rxa2 38. Rxa2 Rxa2 39. Rxb4
Ra5 40. Rh4 Kh7 41. h6 g6 42. Rf4 Rf5 43. Rb4 Kxh6 44. Kg3 Ra5 45. Rh4+ Kg5 46.
Rg4+ Kf5 47. Rf4+ Ke5 48. Rb4 Ra3+ 49. Kg4 f5+ 50. Kg5 Rg3+ 51. Kh4 Rg1 52. Ra4
g5+ 53. Kh3 g4+ 54. Kh2 Rb1 55. Kg3 Rb3+ 56. Kh4 g3 57. Ra5+ Kf4 58. Kh3 Ke4
59. Ra4+ Kf3 60. Ra2 f4 61. Ra1 g2 62. Rg1 Kf2+ 63. Kh2 Rh3+ 0-1

[Event "Jugendweltmeisterschaft U18"]
[Site "Belfort (FRA)"]
[Date "2005.07.20"]
[Round "2.2"]
[White "Khairullin, Ildar"]
[Black "Jurcik, Marian"]
[Result "1-0"]
[WhiteElo "2538"]
[BlackElo "2342"]
[PlyCount "86"]
[EventDate "2005.07.18"]

1. e4 c5 2. c3 Nf6 3. e5 Nd5 4. Nf3 Nc6 5. Bc4 e6 6. d4 cxd4 7. cxd4 d6 8. O-O
Be7 9. Qe2 O-O 10. Rd1 Na5 11. Bxd5 exd5 12. Nc3 Be6 13. Bf4 a6 14. b3 Rc8 15.
Qe3 b5 16. Ne2 Qb6 17. Bg5 Bxg5 18. Qxg5 f6 19. exf6 Rxf6 20. Nf4 Qb7 21. Nxe6
Rxe6 22. Re1 h6 23. Qd2 Rxe1+ 24. Qxe1 Qc7 25. Qe6+ Kh8 26. Re1 Qc6 27. Nh4 Qc3
28. g3 Rd8 29. Ng6+ Kh7 30. Nf4 Nc6 31. Qg6+ Kh8 32. Re8+ Rxe8 33. Qxe8+ Kh7
34. Qg6+ Kh8 35. Qxd6 Nxd4 36. Qxd5 Nf3+ 37. Kg2 Ne1+ 38. Kf1 Nf3 39. Qa8+ Kh7
40. Qxa6 Nd2+ 41. Ke2 Qd4 42. Qg6+ Kh8 43. Qd3 Nf3 1-0

[Event "Jugendweltmeisterschaft U18w"]
[Site "Belfort (FRA)"]
[Date "2005.07.20"]
[Round "2.4"]
[White "Sarquis, Maria Belen"]
[Black "Purtseladze, Maka"]
[Result "0-1"]
[WhiteElo "2149"]
[BlackElo "2313"]
[PlyCount "68"]
[EventDate "2005.07.18"]

1. e4 c6 2. d4 d5 3. exd5 cxd5 4. c4 Nf6 5. Nc3 e6 6. Nf3 Bb4 7. Qc2 O-O 8. Be2
dxc4 9. Bxc4 b6 10. O-O Bb7 11. Qe2 Bxc3 12. bxc3 Qc7 13. Bb2 Nbd7 14. Bb3 Ng4
15. Rfe1 Bxf3 16. Qxf3 Qxh2+ 17. Kf1 Ndf6 18. Bc1 e5 19. dxe5 Nxe5 20. Qh3 Qxh3
21. gxh3 Nd3 22. Re7 Rae8 23. Ba3 Rxe7 24. Bxe7 Rc8 25. Rd1 Nc5 26. Bxf6 gxf6
27. Bd5 Kg7 28. Rd4 f5 29. c4 Kf6 30. Rh4 Kg6 31. Rd4 Rc7 32. Kg2 Ne6 33. Rh4
Rc5 34. Kf3 Ra5 0-1

[Event "Jugendweltmeisterschaft U16"]
[Site "Belfort (FRA)"]
[Date "2005.07.20"]
[Round "2.11"]
[White "Toufighi, Homayoon"]
[Black "Lenderman, Alex"]
[Result "1/2-1/2"]
[WhiteElo "2196"]
[BlackElo "2378"]
[PlyCount "94"]
[EventDate "2005.07.18"]

1. e4 e5 2. Nf3 Nc6 3. Nc3 Nf6 4. d4 exd4 5. Nd5 Nxd5 6. exd5 Bb4+ 7. Bd2 Qe7+
8. Qe2 Bxd2+ 9. Kxd2 Qxe2+ 10. Bxe2 Ne7 11. d6 cxd6 12. Nxd4 a6 13. Bf3 Kd8 14.
Rhe1 g6 15. Rad1 Nc6 16. Kc1 Kc7 17. Bd5 Rf8 18. Re3 b5 19. Rh3 h5 20. Re1 Bb7
21. Nxc6 Bxc6 22. Bxc6 dxc6 23. Re7+ Kb6 24. Rf3 Rae8 25. Rxe8 Rxe8 26. Rxf7
Re6 27. Kd2 a5 28. h3 d5 29. g4 hxg4 30. hxg4 Kc5 31. f4 Re4 32. g5 a4 33. Rf6
b4 34. Kd3 Kb5 35. Rxg6 Rxf4 36. Rg8 Rg4 37. g6 Kc5 38. g7 Rg3+ 39. Kd2 Kd4 40.
c3+ bxc3+ 41. bxc3+ Kc4 42. Rc8 Rxg7 43. Rxc6+ Kb5 44. Re6 Rg2+ 45. Re2 Rg1 46.
Re1 Rg4 47. Re8 Rg2+ 1/2-1/2

[Event "Jugendweltmeisterschaft U16"]
[Site "Belfort (FRA)"]
[Date "2005.07.20"]
[Round "2.3"]
[White "Muzychuk, Anna"]
[Black "Gras, Delphine"]
[Result "1-0"]
[WhiteElo "2364"]
[BlackElo "1982"]
[PlyCount "43"]
[EventDate "2005.07.18"]

1. c4 e6 2. e4 d5 3. exd5 exd5 4. cxd5 Nf6 5. Bb5+ Bd7 6. Bc4 Bf5 7. Nc3 Nbd7
8. Nf3 Nb6 9. O-O Nfxd5 10. Nxd5 Nxd5 11. Qb3 c6 12. Qxb7 Qc8 13. Re1+ Be7 14.
Qb3 Rb8 15. Qd1 Qc7 16. Nd4 Bg6 17. Bxd5 cxd5 18. Qa4+ Kf8 19. Nc6 Re8 20. b3
f6 21. Nxe7 Kf7 22. Ba3 1-0

[Event "Jugendweltmeisterschaft U14"]
[Site "BELFORT"]
[Date "2005.07.20"]
[Round "2.7"]
[White "Le, Quang Liem"]
[Black "Cabrera Trujillo, Jorge"]
[Result "1-0"]
[WhiteElo "2326"]
[BlackElo "2059"]
[PlyCount "71"]
[EventDate "2005.07.18"]

1. d4 Nf6 2. Nf3 g6 3. c4 Bg7 4. Nc3 O-O 5. e4 d6 6. Be2 Nbd7 7. O-O e5 8. d5
Nc5 9. Bg5 a5 10. Nd2 h6 11. Bh4 c6 12. Rc1 Qc7 13. b3 Ne8 14. a3 f5 15. f3 Na6
16. dxc6 bxc6 17. Bf2 Bb7 18. c5 d5 19. exd5 cxd5 20. c6 Qxc6 21. Nxd5 Qd6 22.
Nb6 Rd8 23. Ndc4 Qe7 24. Qe1 e4 25. Nxa5 Nd6 26. Nxb7 Qxb7 27. Qa5 Nb8 28. Qd5+
Kh7 29. Qxb7 Nxb7 30. fxe4 fxe4 31. Be3 Nd6 32. Rxf8 Rxf8 33. Rd1 Nf5 34. Bc5
Rf6 35. Nd7 Rc6 36. b4 1-0

[Event "Jugendweltmeisterschaft U14w"]
[Site "BELFORT"]
[Date "2005.07.20"]
[Round "2.1"]
[White "Deur, Zrinka"]
[Black "Tairova, Elena"]
[Result "0-1"]
[WhiteElo "1918"]
[BlackElo "2232"]
[PlyCount "53"]
[EventDate "2005.07.18"]

1. e4 c5 2. Nf3 d6 3. d4 cxd4 4. Nxd4 Nf6 5. Nc3 a6 6. Bg5 e6 7. f4 Nbd7 8. Qf3
Qc7 9. O-O-O b5 10. Bd3 Bb7 11. Rhe1 O-O-O 12. Nb3 Be7 13. Kb1 Nc5 14. a3 h6
15. Bxf6 Bxf6 16. Ne2 Na4 17. Ned4 Qb6 18. Qe3 Kb8 19. g4 e5 20. fxe5 dxe5 21.
Nf3 Qc7 22. Rd2 Be7 23. Red1 Bxa3 24. bxa3 Qc3 25. Nc1 Bc8 26. Rh1 b4 27. Ng1
0-1

[Event "Jugendweltmeisterschaft U12"]
[Site "Belfort (FRA)"]
[Date "2005.07.20"]
[Round "2.16"]
[White "Narayanan, Srinath"]
[Black "Szalay, Karoly"]
[Result "1-0"]
[WhiteElo "2084"]
[BlackElo "1599"]
[PlyCount "59"]
[EventDate "2005.07.18"]

1. e4 e5 2. Nf3 Nc6 3. Bc4 Bc5 4. b4 Bxb4 5. c3 Ba5 6. d4 exd4 7. O-O d6 8.
cxd4 Nf6 9. e5 dxe5 10. Ba3 e4 11. Ng5 Be6 12. Nxe6 fxe6 13. Bxe6 Nxd4 14. Qa4+
c6 15. Qc4 Bb6 16. Nc3 Qc7 17. Rfd1 c5 18. Nb5 Nxb5 19. Qxb5+ Ke7 20. Bb3 Rhd8
21. Rdc1 Rac8 22. Bb2 Kf8 23. Bxf6 gxf6 24. Qc4 Kg7 25. Qxe4 Rd4 26. Qf5 Rcd8
27. Bc2 Rh8 28. Re1 Qf4 29. Re7+ Kf8 30. Qe6 1-0

[Event "Jugendweltmeisterschaft U12w"]
[Site "Belfort (FRA)"]
[Date "2005.07.20"]
[Round "2.13"]
[White "Ramirez, Marysol"]
[Black "Arabidze, Meri"]
[Result "0-1"]
[WhiteElo "1599"]
[BlackElo "1599"]
[PlyCount "80"]
[EventDate "2005.07.18"]

1. e4 c5 2. Nc3 Nc6 3. f4 g6 4. Nf3 Bg7 5. d3 d6 6. Be2 e6 7. O-O Nge7 8. Qe1
a6 9. Kh1 Nd4 10. Nxd4 cxd4 11. Nd1 O-O 12. Qg3 Qb6 13. Nf2 Bd7 14. Nh3 Rac8
15. Bd1 d5 16. Qf2 dxe4 17. dxe4 Bb5 18. Re1 Rfd8 19. c3 Qc5 20. cxd4 Qxd4 21.
Qxd4 Bxd4 22. Bf3 Rc2 23. e5 Bxb2 24. Bxb2 Rxb2 25. Bxb7 Rdd2 26. a4 Bc6 27.
Bxc6 Nxc6 28. Rg1 Nb4 29. Ng5 Nd3 30. Nh3 Ra2 31. a5 Rxg2 32. Rxa2 Rxa2 33. Rd1
Nc5 34. Rc1 Rxa5 35. Nf2 Rb5 36. Kg2 a5 37. Kf3 a4 38. Rc3 Rb3 39. Rxb3 axb3
40. Nd1 Na4 0-1

[Event "Jugendweltmeisterschaft U10"]
[Site "Belfort"]
[Date "2005.07.20"]
[Round "2.6"]
[White "Grover, Sahaj"]
[Black "Fu, Xiaoyong"]
[Result "1-0"]
[WhiteElo "1955"]
[BlackElo "1599"]
[PlyCount "79"]
[EventDate "2005.07.18"]

1. e4 e5 2. Nf3 Nc6 3. Bb5 a6 4. Ba4 Nf6 5. Qe2 b5 6. Bb3 Bd6 7. O-O O-O 8. c3
Na5 9. Bc2 Re8 10. d4 Bb7 11. dxe5 Bxe5 12. Nxe5 Rxe5 13. Bf4 Re8 14. Nd2 d6
15. Rfe1 Nd7 16. Rad1 Nc6 17. Nf3 Qe7 18. Nd4 Qf6 19. Qd2 h6 20. Nf5 Nce5 21.
Bxe5 Nxe5 22. Qd4 Qg6 23. Re3 Qh7 24. Rg3 Ng6 25. f4 h5 26. e5 h4 27. Rg4 h3
28. exd6 Re2 29. Ne7+ Kh8 30. Bxg6 fxg6 31. Nxg6+ Kg8 32. d7 Rd8 33. Qc5 Rxg2+
34. Rxg2 hxg2 35. Qe7 Qh5 36. Qxd8+ Kf7 37. Qe8+ Kf6 38. d8=Q+ Kf5 39. Qdd7+
Kf6 40. Qee6# 1-0

[Event "Jugendweltmeisterschaft U10w"]
[Site "Belfort"]
[Date "2005.07.20"]
[Round "2.20"]
[White "Wang, Jie"]
[Black "Ivanova, Aleksandra"]
[Result "1-0"]
[WhiteElo "1599"]
[BlackElo "1599"]
[PlyCount "65"]
[EventDate "2005.07.18"]

1. e4 c6 2. d4 d5 3. Nc3 dxe4 4. Nxe4 Bf5 5. Ng3 Bg6 6. Nf3 Nd7 7. h4 h6 8. h5
Bh7 9. Bd3 Bxd3 10. Qxd3 Qc7 11. Bd2 e6 12. O-O-O Ngf6 13. Kb1 Be7 14. c4 O-O-O
15. Qb3 e5 16. dxe5 Nxe5 17. Bf4 Nfd7 18. Rhe1 Bf6 19. Nf5 Nc5 20. Qc2 Ncd3 21.
Rxd3 Rxd3 22. Nxe5 Bxe5 23. Qxd3 Bxf4 24. Re7 Qb6 25. Qd7+ Kb8 26. Re8+ Rxe8
27. Qxe8+ Kc7 28. Qxf7+ Kc8 29. Ne7+ Kd8 30. Qf8+ Kd7 31. Qxg7 Qxf2 32. Nd5+
Ke6 33. Qf6+ 1-0

[Event "Jugendweltmeisterschaft U18"]
[Site "Belfort (FRA)"]
[Date "2005.07.21"]
[Round "3.2"]
[White "Amin, Bassem"]
[Black "Khairullin, Ildar"]
[Result "0-1"]
[WhiteElo "2400"]
[BlackElo "2538"]
[PlyCount "86"]
[EventDate "2005.07.18"]

1. e4 c5 2. Nf3 Nc6 3. d3 g6 4. g3 Bg7 5. Bg2 d6 6. O-O e5 7. c3 Nge7 8. a3 O-O
9. b4 h6 10. Nbd2 Be6 11. Nb3 c4 12. dxc4 Bxc4 13. Re1 Qc7 14. Nfd2 Be6 15. a4
a6 16. Bb2 b5 17. Qe2 Rab8 18. axb5 axb5 19. Na5 Na7 20. Red1 h5 21. Nf1 Nac8
22. Ne3 Nb6 23. Nd5 Nbxd5 24. exd5 Bg4 25. Bf3 Bf5 26. Qe3 Bd7 27. Nb3 Nc8 28.
Ra6 Nb6 29. Rda1 Bc8 30. Ra7 Rb7 31. R7a2 Nc4 32. Qe2 e4 33. Bxe4 Nxb2 34. Rxb2
Qxc3 35. Rbb1 Re7 36. Qd3 Qc4 37. Nd2 Qxd3 38. Bxd3 Bxa1 39. Rxa1 Re5 40. Ne4
Bf5 41. f3 Kg7 42. Bxb5 Bxe4 43. fxe4 Rxe4 0-1

[Event "Jugendweltmeisterschaft U18w"]
[Site "Belfort (FRA)"]
[Date "2005.07.21"]
[Round "3.4"]
[White "Purtseladze, Maka"]
[Black "Swaminathan, Soumya"]
[Result "1-0"]
[WhiteElo "2313"]
[BlackElo "2166"]
[PlyCount "81"]
[EventDate "2005.07.18"]

1. d4 Nf6 2. c4 g6 3. Nc3 Bg7 4. e4 d6 5. Be2 O-O 6. Bg5 c5 7. d5 e6 8. Qd2 Qa5
9. Nf3 exd5 10. exd5 a6 11. O-O Nbd7 12. Qf4 Qc7 13. Rae1 Kh8 14. Bh6 Bxh6 15.
Qxh6 Ng8 16. Qf4 Ndf6 17. Ng5 Kg7 18. Bd1 Bf5 19. Re3 h6 20. Nh3 Qd7 21. Ba4
Qc7 22. Rfe1 Ng4 23. R3e2 Ne5 24. Rd1 Bg4 25. f3 Nxf3+ 26. gxf3 Bxh3 27. Rde1
Bd7 28. Bc2 Rad8 29. Qg3 b5 30. f4 f5 31. h4 bxc4 32. h5 Rf6 33. Kh2 Kf8 34.
hxg6 Kg7 35. Re7+ Nxe7 36. Rxe7+ Kg8 37. Qh4 Rxg6 38. Bxf5 Qb8 39. Bxg6 Qxb2+
40. Re2 Qb8 41. Qe7 1-0

[Event "Jugendweltmeisterschaft U16"]
[Site "Belfort (FRA)"]
[Date "2005.07.21"]
[Round "3.20"]
[White "Lenderman, Alex"]
[Black "Krishnamoorthy, Vljay Keerthi"]
[Result "1-0"]
[WhiteElo "2378"]
[BlackElo "2192"]
[PlyCount "79"]
[EventDate "2005.07.18"]

1. e4 c5 2. d4 cxd4 3. c3 Nc6 4. cxd4 d5 5. exd5 Qxd5 6. Nf3 e6 7. Nc3 Qd8 8.
Bd3 Nf6 9. O-O Be7 10. Bg5 h6 11. Be3 Nd5 12. Nxd5 exd5 13. h3 Bf6 14. Qd2 Qb6
15. Rac1 Ne7 16. Bf4 O-O 17. Bc7 Qe6 18. Rfe1 Qd7 19. Bf4 Qd8 20. Bb1 Be6 21.
Bxh6 Qb6 22. Bg5 Bxg5 23. Qxg5 Rae8 24. Re2 f5 25. Rce1 Rf6 26. b3 Nc8 27. Bxf5
Rxf5 28. Rxe6 Ref8 29. Qxf5 Rxf5 30. Rxb6 Nxb6 31. Re7 Rf7 32. Rxf7 Kxf7 33.
Ne5+ Ke6 34. Nd3 Nd7 35. Kf1 b6 36. Ke2 Kf5 37. f3 a5 38. Ke3 Nf6 39. Nf4 g6
40. h4 1-0

[Event "Jugendweltmeisterschaft U16w"]
[Site "Belfort (FRA)"]
[Date "2005.07.21"]
[Round "3.3"]
[White "Darbinian, Nune"]
[Black "Muzychuk, Anna"]
[Result "0-1"]
[WhiteElo "2072"]
[BlackElo "2364"]
[PlyCount "100"]
[EventDate "2005.07.18"]

1. Nf3 d6 2. d4 f5 3. g3 Nf6 4. Bg2 g6 5. O-O Bg7 6. c4 O-O 7. Nc3 e6 8. Qc2
Nc6 9. Rd1 Qe7 10. a3 a5 11. Rb1 Nd8 12. b4 axb4 13. axb4 Nf7 14. Bb2 c6 15. b5
Bd7 16. Ra1 cxb5 17. cxb5 e5 18. dxe5 dxe5 19. Qc1 Rfc8 20. Ba3 Qe8 21. Qb2 e4
22. Nd4 Be6 23. Bb4 Rxa1 24. Rxa1 Ng4 25. Nxe6 Qxe6 26. h3 Nge5 27. Qa2 Qxa2
28. Rxa2 Bf8 29. Bxf8 Kxf8 30. Na4 Nd6 31. b6 Rc4 32. f3 Ke7 33. fxe4 fxe4 34.
Kf2 Kd7 35. Ke3 g5 36. Kd2 h5 37. Nc3 e3+ 38. Kc2 Nb5 39. Kb3 Nd4+ 40. Kb2 Rb4+
41. Kc1 Rc4 42. Kb2 Rb4+ 43. Kc1 Rxb6 44. Nd5 Rc6+ 45. Kb1 Nc4 46. Ra4 Nd2+ 47.
Ka2 Rc2+ 48. Ka3 Nb1+ 49. Kb4 Rb2+ 50. Kc5 Nc6 0-1

[Event "Jugendweltmeisterschaft U14"]
[Site "BELFORT"]
[Date "2005.07.21"]
[Round "3.4"]
[White "Nabaty, Tamir"]
[Black "Le, Quang Liem"]
[Result "1-0"]
[WhiteElo "2140"]
[BlackElo "2326"]
[PlyCount "147"]
[EventDate "2005.07.18"]

1. e4 c5 2. Nf3 d6 3. Bb5+ Nd7 4. c3 Ngf6 5. Qe2 a6 6. Ba4 e5 7. O-O Be7 8. d4
b5 9. Bc2 O-O 10. h3 Qc7 11. d5 Nb6 12. Re1 Ne8 13. Nbd2 f5 14. exf5 Nxd5 15.
Nf1 Nb6 16. Ng3 h6 17. f6 Nxf6 18. Qd3 Bd8 19. Nh5 Qf7 20. Nxf6+ Qxf6 21. Qh7+
Kf7 22. Be3 Nc4 23. Rad1 Be6 24. b3 Nxe3 25. Rxe3 Ke7 26. Qe4 Ra7 27. Qc6 Rd7
28. Qxa6 b4 29. cxb4 cxb4 30. Be4 d5 31. Bxd5 Bxd5 32. Rxe5+ Be6 33. Rxe6+ Qxe6
34. Re1 Rf6 35. Qc4 Qxe1+ 36. Nxe1 Bb6 37. Nf3 Kd8 38. Kf1 Rd1+ 39. Ke2 Ra1 40.
Qg8+ Ke7 41. Qxg7+ Ke6 42. Qg8+ Ke7 43. Qh7+ Ke8 44. Qe4+ Kd8 45. Qe5 Rxa2+ 46.
Kd3 Rc6 47. Qb8+ Ke7 48. Qb7+ Kd6 49. Qb8+ Ke7 50. Qe5+ Kd7 51. Qg7+ Kc8 52.
Qf8+ Kc7 53. Qe7+ Kc8 54. Qxb4 Rxf2 55. Qf8+ Kb7 56. Qe7+ Ka6 57. Ne5 Rc7 58.
Qe8 Kb7 59. Nc4 Rf6 60. Qe4+ Kb8 61. Qe5 Rfc6 62. Qb5 Ka7 63. g4 Rd7+ 64. Kc2
Rdd6 65. h4 Rc5 66. Qe8 Rcc6 67. Kb2 Re6 68. Qd7+ Ka6 69. Ne5 Rcd6 70. Qc8+ Ka7
71. Nd7 Rd4 72. Nc5 Re2+ 73. Kc3 Bxc5 74. Qxc5+ 1-0

[Event "Jugendweltmeisterschaft U14w"]
[Site "BELFORT"]
[Date "2005.07.21"]
[Round "3.1"]
[White "Tairova, Elena"]
[Black "Kharisma, Irine"]
[Result "1-0"]
[WhiteElo "2232"]
[BlackElo "2010"]
[PlyCount "125"]
[EventDate "2005.07.18"]

1. e4 c5 2. Nf3 g6 3. c4 Bg7 4. d4 cxd4 5. Nxd4 Nc6 6. Be3 Nf6 7. Nc3 d6 8. Be2
O-O 9. O-O a6 10. f3 Bd7 11. Qd2 Rc8 12. Rac1 Nxd4 13. Bxd4 Qa5 14. Rfd1 Rfe8
15. a3 Be6 16. b4 Qh5 17. Nd5 Bxd5 18. cxd5 Rxc1 19. Qxc1 Nxe4 20. Bxg7 Kxg7
21. g4 Qe5 22. fxe4 Qxe4 23. Qc3+ Kg8 24. Bf3 Qf4 25. Rd4 Qg5 26. Rc4 h5 27.
Kg2 b5 28. Qc1 Qe5 29. Rc8 Rxc8 30. Qxc8+ Kg7 31. gxh5 Qb2+ 32. Kg3 Qe5+ 33.
Kh3 gxh5 34. Qc2 Qe3 35. Qb2+ f6 36. Qe2 Qxa3 37. Qxe7+ Kg6 38. Qe4+ Kg7 39.
Kh4 Qb2 40. Kg3 Qc3 41. Qe7+ Kg6 42. Qe8+ Kg7 43. Qxh5 Qe1+ 44. Kg2 Qxb4 45.
Qe8 Qd2+ 46. Kh3 Qf4 47. Qd7+ Kh6 48. Qg4 Qe3 49. Qh4+ Kg7 50. Qg3+ Kh6 51. Bg4
Qe7 52. Bf5 Qf7 53. Qh4+ Qh5 54. Kg3 Qxh4+ 55. Kxh4 a5 56. Kg4 a4 57. Bc2 a3
58. Bb3 Kg6 59. h4 Kh6 60. Kf5 Kg7 61. h5 b4 62. h6+ Kxh6 63. Ke4 1-0

[Event "Jugendweltmeisterschaft U12"]
[Site "Belfort (FRA)"]
[Date "2005.07.21"]
[Round "3.1"]
[White "Narayanan, Srinath"]
[Black "Negi, Parimarjan"]
[Result "1-0"]
[WhiteElo "2084"]
[BlackElo "2376"]
[PlyCount "85"]
[EventDate "2005.07.18"]

1. e4 c5 2. Nf3 d6 3. d4 cxd4 4. Nxd4 Nf6 5. Nc3 a6 6. Be3 e5 7. Nb3 Be6 8. f3
Nbd7 9. Qd2 b5 10. O-O-O Nb6 11. Qf2 Nc4 12. Bxc4 Bxc4 13. Kb1 Be7 14. Bb6 Qc8
15. Na5 b4 16. Nd5 Nxd5 17. Nxc4 Nc3+ 18. bxc3 Qxc4 19. cxb4 Qxb4+ 20. Kc1 Rb8
21. Be3 d5 22. exd5 Bd6 23. Qg3 Qc3 24. Rd3 Qa1+ 25. Kd2 Qxh1 26. Qxg7 Rf8 27.
Rc3 Qb1 28. Qf6 Qb4 29. a3 Qxc3+ 30. Kxc3 Kd7 31. Bh6 Rfc8+ 32. Kd3 Re8 33.
Qxf7+ Re7 34. Qf5+ Kc7 35. Bf8 Rd7 36. Bxd6+ Kxd6 37. Qe6+ Kc7 38. Qxe5+ Kb7
39. c4 Rc8 40. d6 Kb6 41. Kd4 Rcd8 42. c5+ Kb5 43. Ke4 1-0

[Event "Jugendweltmeisterschaft U12w"]
[Site "Belfort (FRA)"]
[Date "2005.07.21"]
[Round "3.6"]
[White "Arabidze, Meri"]
[Black "Vempati, Gayatri"]
[Result "1-0"]
[WhiteElo "1599"]
[BlackElo "1599"]
[PlyCount "91"]
[EventDate "2005.07.18"]

1. d4 d5 2. c4 Nc6 3. Nf3 Bg4 4. e3 e5 5. dxe5 dxc4 6. Qxd8+ Rxd8 7. Bxc4 Nxe5
8. Be2 Nxf3+ 9. Bxf3 Bxf3 10. gxf3 Nf6 11. Bd2 Rd7 12. Ke2 Bc5 13. Rg1 g6 14.
Bc3 Ke7 15. Nd2 Rhd8 16. Bxf6+ Kxf6 17. Ne4+ Ke7 18. Nxc5 Rd2+ 19. Ke1 Rxb2 20.
Nb3 a5 21. Rg4 Rd5 22. h4 Rh5 23. Nd2 Rc2 24. Kd1 Rb2 25. Kc1 Rb4 26. Rb1 Rxg4
27. fxg4 Rxh4 28. Rxb7 Rxg4 29. Rxc7+ Kf6 30. Rc6+ Kg7 31. Rc5 a4 32. Rc4 Rxc4+
33. Nxc4 h5 34. Kd1 Kf6 35. Ke1 Kf5 36. Nb6 Ke4 37. Nxa4 Kd5 38. Nc3+ Kc4 39.
a4 Kb4 40. Kf1 Ka5 41. Kg2 Kb4 42. Kg3 Ka5 43. Kh4 f6 44. Nd5 Kxa4 45. Nxf6 Kb4
46. Nxh5 1-0